10 Most Populous Cities in Each US State (with a map) - Statistics

General Stats
  • This quiz has been taken 57 times
  • The average score is 255 of 500
Answers on the Map
Answers color-coded by a green-red scale on the quiz's map according to % correct below.
 
Answer Stats
Population Answer % Correct
961,855 Austin
98%
235,684 Boise
98%
2,304,580 Houston
98%
10,760 | 153,701 | 68,205 Jackson
98%
949,611 Jacksonville
98%
3,898,747 Los Angeles
98%
442,241 Miami
98%
307,573 Orlando
98%
652,503 | 68,408 Portland
98%
1,386,932 San Diego
98%
753,015 Seattle
98%
498,715 Atlanta
96%
278,349 Buffalo
96%
1,304,379 Dallas
96%
887,642 Indianapolis
96%
156,607 | 508,090 Kansas City
96%
641,903 Las Vegas
96%
689,447 Nashville
96%
383,997 New Orleans
96%
8,804,190 New York
96%
681,054 Oklahoma City
96%
1,603,797 Philadelphia
96%
1,608,139 Phoenix
96%
226,610 | 34,585 Richmond
96%
1,434,625 San Antonio
96%
873,965 San Francisco
96%
1,013,240 San Jose
96%
114,394 | 155,929 | 169,176 | 61,851 Springfield
96%
249,545 Winston-Salem
96%
675,647 Boston
94%
478,961 Colorado Springs
94%
715,522 Denver
94%
32,255 Juneau
94%
633,104 Memphis
94%
577,222 Milwaukee
94%
440,646 Oakland
94%
302,971 Pittsburgh
94%
524,943 Sacramento
94%
175,535 Salem
94%
384,959 Tampa
94%
459,470 Virginia Beach
94%
564,559 Albuquerque
91%
291,247 Anchorage
91%
585,708 Baltimore
91%
2,746,388 Chicago
91%
309,317 Cincinnati
91%
206,922 | 24,028 | 905,748 Columbus
91%
317,863 Corpus Christi
91%
639,111 Detroit
91%
350,964 Honolulu
91%
202,591 Little Rock
91%
633,045 Louisville
91%
269,840 | 56,933 Madison
91%
429,954 Minneapolis
91%
196,169 Tallahassee
91%
542,629 Tucson
91%
413,066 Tulsa
91%
150,227 | 48,864 Charleston
89%
542,107 Fresno
89%
486,051 Omaha
89%
190,934 Providence
89%
467,665 Raleigh
89%
199,723 Salt Lake City
89%
311,527 St. Paul
89%
395,532 Wichita
89%
99,224 Albany
87%
227,740 Baton Rouge
87%
117,116 Billings
87%
200,733 Birmingham
87%
874,579 Charlotte
87%
372,624 Cleveland
87%
104,681 | 126,254 | 136,632 Columbia
87%
32,741 | 39,403 Dover
87%
678,815 El Paso
87%
918,915 Fort Worth
87%
121,054 Hartford
87%
291,082 Lincoln
87%
466,742 Long Beach
87%
504,258 Mesa
87%
200,603 Montgomery
87%
30,601 | 311,549 Newark
87%
262,527 North Las Vegas
87%
264,165 Reno
87%
121,395 | 211,328 | 32,492 Rochester
87%
190,469 Akron
85%
403,455 Bakersfield
85%
73,622 Bismarck
85%
65,132 Cheyenne
85%
138,644 Dayton
85%
214,133 Des Moines
85%
32,515 Fairbanks
85%
292,449 Jersey City
85%
147,780 Savannah
85%
228,989 Spokane
85%
301,578 St. Louis
85%
270,871 Toledo
85%
18,899 | 202,081 Augusta
83%
107,395 Green Bay
83%
215,006 Huntsville
83%
322,570 Lexington
83%
187,041 Mobile
83%
87,505 Santa Fe
83%
258,308 St. Petersburg
83%
148,620 Syracuse
83%
126,587 Topeka
83%
238,643 | 394,266 Arlington
81%
180,542 | 386,261 Aurora
81%
181,099 Chattanooga
81%
125,990 Fargo
81%
208,501 | 93,949 Fayetteville
81%
263,886 Fort Wayne
81%
190,740 Knoxville
81%
346,824 Anaheim
79%
176,654 Eugene
79%
198,917 Grand Rapids
79%
317,610 Henderson
79%
187,593 Shreveport
79%
192,517 Sioux Falls
79%
90,871 Trenton
79%
58,639 Carson City
77%
182,760 Fort Lauderdale
77%
299,035 Greensboro
77%
238,005 | 24,955 Norfolk
77%
219,346 Tacoma
77%
148,654 Bridgeport
74%
105,240 | 43,976 Concord
74%
32,091 Helena
74%
112,644 Lansing
74%
115,644 Manchester
74%
8,074 Montpelier
74%
134,023 New Haven
74%
115,451 | 70,898 Wilmington
74%
206,518 Worcester
74%
44,743 Burlington
72%
86,697 Duluth
72%
283,506 Durham
72%
94,831 Erie
72%
257,141 Lubbock
72%
157,346 Macon
72%
14,091 Pierre
72%
211,569 Yonkers
72%
118,403 Cambridge
70%
50,099 Harrisburg
70%
121,374 | 70,783 Lafayette
70%
25,163 Newport
70%
115,162 Provo
70%
159,467 | 45,275 Alexandria
68%
137,710 Cedar Rapids
68%
249,422 Chesapeake
68%
113,150 | 190,985 Peoria
68%
125,845 Allentown
66%
194,016 Cape Coral
66%
117,298 Evansville
66%
169,810 Fort Collins
66%
44,186 Hilo
66%
186,247 Newport News
66%
123,851 Ann Arbor
64%
59,038 Casper
64%
248,325 Glendale
64%
111,385 Las Cruces
64%
148,655 Rockford
64%
85,797 Sioux City
64%
72,926 Gulfport
62%
74,828 Iowa City
62%
87,321 Ogden
62%
197,238 Overland Park
62%
285,494 Plano
62%
76,328 Scranton
62%
95,342 St. George
62%
99,600 Tuscaloosa
62%
127,315 Athens
60%
74,703 Rapid City
60%
241,361 Scottsdale
60%
190,915 Vancouver
60%
31,753 Bangor
57%
79,168 | 89,987 Bloomington
57%
101,724 Davenport
57%
267,918 Gilbert
57%
223,109 Hialeah
57%
46,842 Huntington
57%
73,489 Missoula
57%
159,732 Paterson
57%
48,422 | 92,833 Roswell
57%
103,453 South Bend
57%
135,470 Stamford
57%
99,178 Bend
55%
49,449 Biloxi
55%
275,987 Chandler
55%
29,670 | 70,720 Greenville
55%
64,818 Idaho Falls
55%
72,294 Bowling Green
53%
137,298 Elizabeth
53%
59,166 Grand Forks
53%
150,362 Joliet
53%
95,112 Reading
53%
53,293 Bozeman
51%
89,142 Fort Smith
51%
78,171 Frederick
51%
149,540 Naperville
51%
128,026 Norman
51%
204,851 Port St. Lucie
51%
180,587 Tempe
51%
151,854 | 64,176 Bellevue
49%
113,540 Broken Arrow
49%
71,791 Camden
49%
33,403 Gillette
49%
99,986 Kenosha
49%
152,769 Murfreesboro
49%
91,322 Nashua
49%
81,026 Plymouth
49%
111,876 Pueblo
49%
102,976 Spokane Valley
49%
28,495 Aberdeen
47%
24,061 | 76,143 Auburn
47%
166,722 Clarksville
47%
123,011 Independence
47%
58,039 Lancaster
47%
31,407 Laramie
47%
115,554 Lowell
47%
30,347 Morgantown
47%
101,636 Quincy
47%
109,976 Dearborn
45%
69,421 Eau Claire
45%
11,747 Evanston
45%
110,629 Everett
45%
84,872 Lake Charles
45%
155,984 Lakewood
45%
100,200 Nampa
45%
21,956 | 97,951 Portsmouth
45%
100,011 Roanoke
45%
108,445 Sparks
45%
114,403 Waterbury
45%
140,230 West Valley City
45%
34,494 Butte
43%
174,721 Cary
43%
54,628 Coeur d'Alene
43%
117,635 | 35,052 Meridian
43%
141,290 Olathe
43%
66,816 Oshkosh
43%
191,238 Paradise
43%
75,604 Pawtucket
43%
27,052 Wheeling
43%
75,644 Appleton
40%
88,302 Champaign
40%
82,934 Cranston
40%
83,454 Franklin
40%
60,442 Great Falls
40%
137,148 Hampton
40%
106,447 Hillsboro
40%
136,588 Kent
40%
94,934 Lawrence
40%
37,721 Lewiston
40%
54,100 Manhattan
40%
114,852 North Charleston
40%
45,295 Pearl City
40%
104,046 Rio Rancho
40%
96,904 Sandy
40%
143,148 Surprise
40%
82,823 Warwick
40%
116,961 West Jordan
40%
116,317 Westminster
40%
97,494 Beaverton
38%
50,922 East Honolulu
38%
48,730 Hattiesburg
38%
78,576 Jonesboro
38%
48,377 Minot
38%
101,079 New Bedford
38%
64,591 North Little Rock
38%
60,183 Owensboro
38%
77,816 Racine
38%
67,047 Schenectady
38%
84,161 Springdale
38%
124,402 Arvada
36%
70,872 Canton
36%
47,139 East Providence
36%
46,624 Farmington
36%
85,824 Medford
36%
98,129 Orem
36%
29,738 Parkersburg
36%
26,498 South Portland
36%
141,867 Thornton
36%
87,294 Troy
36%
37,923 Tupelo
36%
51,807 Twin Falls
36%
139,387 Warren
36%
32,238 Carlsbad
34%
86,518 Danbury
34%
114,797 Elgin
34%
53,131 Grand Island
34%
108,418 Greeley
34%
92,606 Hoover
34%
71,046 Johnson City
34%
47,702 Monroe
34%
20,292 South Burlington
34%
134,346 Sterling Heights
34%
9,095 Wasilla
34%
68,056 Bethesda
32%
57,938 Decatur
32%
23,192 Middletown
32%
79,726 New Rochelle
32%
91,184 Norwalk
32%
56,320 Pocatello
32%
38,626 West Fargo
32%
66,427 Ames
30%
54,164 Bentonville
30%
99,757 Carmel
30%
71,072 Dothan
30%
37,086 Georgetown
30%
101,253 Lynn
30%
73,893 Mount Vernon
30%
15,807 Rutland
30%
89,321 Waukegan
30%
68,723 West Des Moines
30%
23,060 Bear
28%
75,781 Bethlehem
28%
105,643 Brockton
28%
51,308 Enid
28%
10,590 Essex Junction
28%
94,000 Fall River
28%
101,030 Federal Way
28%
27,141 Fremont
28%
114,247 Gresham
28%
90,801 Mount Pleasant
28%
108,080 Sandy Springs
28%
18,737 Sheridan
28%
67,314 Waterloo
28%
43,240 Woonsocket
28%
38,567 Clovis
26%
69,657 Gaithersburg
26%
63,399 Hamilton
26%
114,059 High Point
26%
15,849 Jamestown
26%
106,785 Renton
26%
54,648 Southaven
26%
72,473 St. Joseph
26%
71,158 Waukesha
26%
59,996 Caldwell
23%
16,061 Clarksburg
23%
28,100 Clinton
23%
11,332 College
23%
94,428 Edmond
23%
221,831 Enterprise
23%
98,977 Fishers
23%
31,946 | 39,899 Florence
23%
77,879 Hammond
23%
14,282 Lebanon
23%
101,108 Lee's Summit
23%
143,507 Metairie
23%
23,526 Rock Springs
23%
77,487 South Jordan
23%
70,493 St. Charles
23%
86,478 Brooklyn Park
21%
64,134 Conway
21%
59,922 Corvallis
21%
40,961 Covington
21%
15,288 Glasgow
21%
33,790 Kearney
21%
90,381 Lawton
21%
74,135 New Britain
21%
107,436 South Fulton
21%
43,463 Sumter
21%
92,830 Toms River
21%
71,686 Bayonne
19%
23,377 Brookings
19%
22,879 Derry
19%
25,152 Hastings
19%
60,850 Meriden
19%
70,537 Passaic
19%
69,908 Rogers
19%
50,915 Summerville
19%
22,655 Watertown
19%
64,083 West Hartford
19%
62,701 Bossier City
17%
62,799 Council Bluffs
17%
31,394 Elizabethtown
17%
91,249 Germantown
17%
40,508 Hobbs
17%
14,263 Huron
17%
65,615 Janesville
17%
24,558 Kalispell
17%
66,448 Kenner
17%
81,773 Layton
17%
15,660 Mitchell
17%
81,146 Parma
17%
41,253 Pine Bluff
17%
46,889 Salina
17%
81,015 Silver Spring
17%
215,597 Spring Valley
17%
8,491 Barre
15%
8,795 Bennington
15%
7,352 Brattleboro
15%
90,296 Clifton
15%
65,211 Lorain
15%
70,253 Maple Grove
15%
62,793 Moore
15%
91,316 O'Fallon
15%
38,485 Post Falls
15%
12,883 Smyrna
15%
205,618 Sunrise Manor
15%
67,887 Ankeny
13%
17,286 Beckley
13%
70,222 Blaine
13%
58,603 Blue Springs
13%
25,679 Dickinson
13%
45,946 Goose Creek
13%
11,825 Green River
13%
82,453 Johns Creek
13%
28,219 Kahului
13%
40,514 Kailua
13%
23,047 Keene
13%
18,777 Martinsburg
13%
7,304 Middlebury
13%
39,409 Rexburg
13%
74,372 Rock Hill
13%
67,311 Shawnee
13%
48,394 Stillwater
13%
19,163 Weirton
13%
29,160 Williston
13%
75,102 Woodbury
13%
9,421 Anaconda
11%
19,031 Badger
11%
22,552 Biddeford
11%
18,416 Fairmont
11%
61,753 Hendersonville
11%
16,871 Laconia
11%
69,604 Noblesville
11%
39,711 Olive Branch
11%
10,682 Riverton
11%
12,193 Spearfish
11%
43,485 Waipahu
11%
81,410 Waldorf
11%
7,997 Winooski
11%
15,411 Yankton
11%
10,460 Belgrade
9%
22,583 Central Falls
9%
19,297 Knik-Fairview
9%
52,699 Levittown
9%
58,409 Midwest City
9%
9,450 North Lakes
9%
38,338 South Valley
9%
8,007 Wahpeton
9%
76,829 Cheektowaga
6%
25,707 Ewa Gentry
6%
31,180 Hopkinsville
6%
57,434 Lenexa
6%
95,535 Livonia
6%
9,197 Meadow Lakes
6%
20,400 Westbrook
6%
18,423 Westerly
6%
85,420 Westland
6%
14,974 Brookside
4%
75,947 Ellicott City
4%
72,892 Glen Burnie
4%
9,362 Havre
4%
13,478 Hockessin
4%
37,430 Kaneohe
4%
24,206 Mandan
4%
28,121 Mililani Town
4%
12,337 Newport East
4%
24,159 Papillion
4%
11,692 Pike Creek Valley
4%
20,381 Saco
4%
21,982 Sanford
4%
8,817 Tanaina
4%
No matching quizzes found
Score Distribution
Percent of People with Each Score
Percentile by Number Answered
Your Score History
You have not taken this quiz